[Event "Lueneburg distr-ch U16/18"]
[Site "Muenster"]
[Date "2016.10.11"]
[Round "4.5"]
[White "Bauer, Leonhard"]
[Black "Gebauer, Daniel"]
[Result "1-0"]
[WhiteElo "1257"]
[BlackElo "771"]
[PlyCount "85"]
[EventDate "2016.10.10"]
[EventType "swiss"]
[EventRounds "7"]
[EventCountry "GER"]
[SourceTitle "EXT 2019"]
[Source "ChessBase"]
[SourceDate "2018.10.10"]
[SourceVersion "1"]
[SourceVersionDate "2018.10.10"]
[SourceQuality "1"]

1. e4 e5 2. Bc4 Nf6 3. d3 d5 4. exd5 Nxd5 5. Nf3 Be6 6. Nxe5 Bd6 7. Nf3 0-0 8. 0-0 Nc6 9. Ng5 Nf4 10. Bxf4 Bxf4 11. Nxe6 fxe6 12. Bxe6+ Kh8 13. Nc3 Be5 14. Qd2 Qh4 15. h3 Bf4 16. Qd1 Rf6 17. Qg4 Qh6 18. Nd5 Rg6 19. Qxf4 Rxe6 20. Qxh6 Rxh6 21. Nxc7 Rf8 22. Rae1 g6 23. Re8 Rxe8 24. Nxe8 Nd4 25. c3 Nc2 26. Rc1 g5 27. Rxc2 Rh4 28. Rd2 h5 29. Nf6 Kg7 30. Ne4 g4 31. hxg4 hxg4 32. Ng3 Rh6 33. Nf5+ Kg6 34. Nxh6 Kxh6 35. d4 Kh5 36. d5 b5 37. d6 a5 38. d7 b4 39. d8Q bxc3 40. Rd5+ Kg6 41. Qb6+ Kg7 42. Rd7+ Kg8 43. Qd8# 1-0

[Event "Lueneburg distr-ch U16/18"]
[Site "Muenster"]
[Date "2016.10.10"]
[Round "2.1"]
[White "Bieler, Janek"]
[Black "Bauer, Leonhard"]
[Result "1-0"]
[WhiteElo "1484"]
[BlackElo "1257"]
[PlyCount "65"]
[EventDate "2016.10.10"]
[EventType "swiss"]
[EventRounds "7"]
[EventCountry "GER"]
[SourceTitle "EXT 2019"]
[Source "ChessBase"]
[SourceDate "2018.10.10"]
[SourceVersion "1"]
[SourceVersionDate "2018.10.10"]
[SourceQuality "1"]

1. Nf3 c6 2. g3 d5 3. Bg2 Bf5 4. d3 h6 5. 0-0 e6 6. c4 Bc5 7. Nc3 Nf6 8. a3 0-0 9. b4 Bb6 10. Bb2 Nbd7 11. Rc1 Bc7 12. cxd5 cxd5 13. Nb5 Bb6 14. Bd4 Bxd4 15. Nfxd4 Rc8 16. Nxf5 exf5 17. Nd4 f4 18. Rxc8 Qxc8 19. Qc1 Qe8 20. Qxf4 Nb6 21. Qc7 Qa4 22. Ra1 Qe8 23. Qxb7 Qe5 24. e3 Ng4 25. Re1 Qf6 26. Bf3 Ne5 27. Be2 Re8 28. Qxa7 Nbd7 29. Qb7 h5 30. Qxd5 Ng4 31. Bxg4 hxg4 32. Qxd7 Re7 33. Qxg4 1-0

[Event "Lueneburg distr-ch U14/16/18"]
[Site "Tostedt"]
[Date "2015.10.19"]
[Round "1.2"]
[White "Bauer, Leonhard"]
[Black "Knuedel, Torben"]
[Result "0-1"]
[WhiteElo "1018"]
[BlackElo "1637"]
[PlyCount "40"]
[EventDate "2015.10.19"]
[EventType "swiss"]
[EventRounds "7"]
[EventCountry "GER"]
[SourceTitle "EXT 2019"]
[Source "ChessBase"]
[SourceDate "2018.10.10"]
[SourceVersion "1"]
[SourceVersionDate "2018.10.10"]
[SourceQuality "1"]

1. e4 d5 2. exd5 Nf6 3. d4 Nxd5 4. Nf3 Bg4 5. h3 Bh5 6. Be2 Nc6 7. c3 e6 8. 0-0 Bd6 9. Qb3 Rb8 10. Nbd2 0-0 11. Ne4 Nf4 12. Qc2 Nxe2+ 13. Qxe2 Re8 14. Nxd6 Qxd6 15. Qd3 e5 16. Nh4 exd4 17. g4 Bg6 18. Nxg6 hxg6 19. cxd4 Nxd4 20. Be3 Nf3+ 0-1